A PRINS nem-kódoló RNS kifejeződésének és együttható partnerének tanulmányozása
Elmentve itt :
| Szerzők: | |
|---|---|
| Testületi szerző: | |
| Dokumentumtípus: | Prezentáció |
| Megjelent: |
2012
|
| Kulcsszavak: | bőrgyógyászat psoriasis |
| Tárgyszavak: | |
| Online Access: | http://eta.bibl.u-szeged.hu/3983 |
| LEADER | 01029nnm a2200289 i 4500 | ||
|---|---|---|---|
| 001 | eta3983 | ||
| 005 | 20201204062154.0 | ||
| 008 | 201203s2012 hu o 0|| hun d | ||
| 040 | |a SZTE Elektronikus Tananyag Archívum |b hun | ||
| 041 | |a hun | ||
| 100 | 1 | |a Göblös Anikó | |
| 245 | 1 | 2 | |a A PRINS nem-kódoló RNS kifejeződésének és együttható partnerének tanulmányozása |h [elektronikus dokumentum] / |c Göblös Anikó |
| 260 | |c 2012 | ||
| 300 | |a 13 | ||
| 516 | |a Presentation | ||
| 650 | 4 | |a Orvos- és egészségtudomány | |
| 650 | 4 | |a Klinikai orvostan | |
| 650 | 4 | |a Bőrgyógyászat és nemibeteg-gondozás | |
| 695 | |a bőrgyógyászat | ||
| 695 | |a psoriasis | ||
| 700 | 0 | 1 | |a Szegedi Krisztina |e aut |
| 700 | 0 | 1 | |a Bacsa Sarolta |e aut |
| 700 | 0 | 1 | |a Bata Zsuzsanna |e aut |
| 700 | 0 | 1 | |a Kemény Lajos |e aut |
| 700 | 0 | 1 | |a Széll Márta |e aut |
| 711 | |a Magyar Diabetes Társaság Kongresszusa |c Budapest, Magyarország |d 2012. 12. 07. | ||
| 856 | 4 | 0 | |u https://eta.bibl.u-szeged.hu/3983/1/2010-0012_138_07.pdf |z Dokumentum-elérés |